ՀՀ Գիտությունների ազգային ակադեմիայի հիմնարար գիտական գրադարան  =   Fundamental Scientific Library of NAS RA

Մեր պայքարը, նվաճումները յեվ անելիքը : (Record no. 185348)

MARC details
000 -LEADER
fixed length control field 00946nam a2200205 a 4500
001 - CONTROL NUMBER
control field 000501047
003 - CONTROL NUMBER IDENTIFIER
control field AM-YeHGA
005 - DATE AND TIME OF LATEST TRANSACTION
control field 20250618072651.0
008 - FIXED-LENGTH DATA ELEMENTS--GENERAL INFORMATION
fixed length control field 060922s1925 ai ||||gr|||||||||0|arm|d
040 ## - CATALOGING SOURCE
Original cataloging agency AM-YeHGA
041 0# - LANGUAGE CODE
Language code of text/sound track or separate title arm
090 ## - LOCALLY ASSIGNED LC-TYPE CALL NUMBER (OCLC); LOCAL CALL NUMBER (RLIN)
-- 186806
100 1# - MAIN ENTRY--PERSONAL NAME
Personal name Հովհաննիսյան, Աշոտ Գարեգինի,
Dates associated with a name 1887-1972
9 (RLIN) 1864
245 10 - TITLE STATEMENT
Title Մեր պայքարը, նվաճումները յեվ անելիքը :
Remainder of title (Յերևանի գավկուսկոնֆերենցիայում Կենտկոմի աշխատանքների մասին արած զեկուցումը) /
Statement of responsibility, etc. Ա. Հովհաննիսյան ; ՀՍԽՀ.
260 ## - PUBLICATION, DISTRIBUTION, ETC.
Place of publication, distribution, etc. Յերևան :
Name of publisher, distributor, etc. Պետհրատ,
Date of publication, distribution, etc. 1925.
300 ## - PHYSICAL DESCRIPTION
Extent 56 էջ ;
Dimensions 17 սմ.
650 14 - SUBJECT ADDED ENTRY--TOPICAL TERM
Topical term or geographic name entry element Կոմունիստական կուսակցության պատմություն
9 (RLIN) 5071
710 2# - ADDED ENTRY--CORPORATE NAME
Corporate name or jurisdiction name as entry element Հայաստանի Սոցիալիստական Խորհրդային Հանրապետություն
9 (RLIN) 4724
942 ## - ADDED ENTRY ELEMENTS (KOHA)
Source of classification or shelving scheme Universal Decimal Classification
Koha item type Գրքեր / Books
Holdings
Withdrawn status Lost status Damaged status Not for loan Collection Home library Current library Date acquired Total checkouts Full call number Barcode Date last seen Price effective from Koha item type Public note Source of classification or shelving scheme
        General Fundamental Scientific Library Fundamental Scientific Library 28/12/2016   AI/1213 FL0034761 28/12/2016 28/12/2016 Գրքեր / Books 30 Days Loan  
        General Fundamental Scientific Library Fundamental Scientific Library 28/12/2016   AII/11013 FL0015104 28/12/2016 28/12/2016 Գրքեր / Books 30 Days Loan  
        Hovhannisian Individual Collection Fundamental Scientific Library Fundamental Scientific Library 27/09/2018   Հովհ/2990 FL0522517 27/09/2018 27/09/2018 Գրքեր / Books ILL Non-Circ. Universal Decimal Classification
        Hovhannisian Individual Collection Fundamental Scientific Library Fundamental Scientific Library 27/09/2018   Հովհ/2991 FL0522519 27/09/2018 27/09/2018 Գրքեր / Books ILL Non-Circ. Universal Decimal Classification
        Hovhannisian Individual Collection Fundamental Scientific Library Fundamental Scientific Library 27/09/2018   Հովհ/2992 FL0522520 27/09/2018 27/09/2018 Գրքեր / Books ILL Non-Circ. Universal Decimal Classification
        Hovhannisian Individual Collection Fundamental Scientific Library Fundamental Scientific Library 28/09/2018   Հովհ/2993 FL0522521 28/09/2018 28/09/2018 Գրքեր / Books ILL Non-Circ. Universal Decimal Classification


ՀՀ ԳԱԱ հիմնարար գիտական գրադարան
ՀՀ,Երևան 0019
Մարշալ Բաղրամյան 24/6
հեռախոս:(374-10) 52-47-50
Հետադարձ կապ

All site content, except where otherwise noted, is licensed under a
Creative Commons License